Distribution warehouse take-up drops (Record no. 72499)

MARC details
000 -LEADER
fixed length control field 01310cam a2200217 4500
001 - CONTROL NUMBER
control field WB3915-06
008 - FIXED-LENGTH DATA ELEMENTS--GENERAL INFORMATION
fixed length control field 030415n2003 000 0 eng u
035 ## - SYSTEM CONTROL NUMBER
System control number (Sirsi) u121995
245 ## - TITLE STATEMENT
Title Distribution warehouse take-up drops
260 ## - PUBLICATION, DISTRIBUTION, ETC.
Date of publication, distribution, etc. 2003
490 ## - SERIES STATEMENT
Series statement CB Hillier Parker Press Release
Volume/sequential designation 25 March 2003 (1)
520 ## - SUMMARY, ETC.
Summary, etc. CB Hillier Parker's "Distribution warehouses market index brief 2002" reveals that the total take-up of new distribution warehouses in 2002 was 30% down on 2001, the first reduction since 1998. Activity on new space was depressed by the general economic uncertainty and less take-up by major food retailers who have already re-organised their supply chains in recent years. The fall was in part offset by a large increase in letting activity on second-hand units, which will remain a key element of this market in future years. Table gives rental values, land values and prime investment yields. http://www.cbhillierparker.com/master.htm. http://www.cbhillierparker.com/pdf/research/ukdistributionware2002.pdf
590 ## - LOCAL NOTE (RLIN)
Local note WB
650 ## - SUBJECT ADDED ENTRY--TOPICAL TERM
Topical term or geographic name entry element INDUSTRIAL MARKET
650 ## - SUBJECT ADDED ENTRY--TOPICAL TERM
Topical term or geographic name entry element DISTRIBUTION WAREHOUSES
650 ## - SUBJECT ADDED ENTRY--TOPICAL TERM
Topical term or geographic name entry element RENTAL VALUES
650 ## - SUBJECT ADDED ENTRY--TOPICAL TERM
Topical term or geographic name entry element LAND VALUES
650 ## - SUBJECT ADDED ENTRY--TOPICAL TERM
Topical term or geographic name entry element PRIME INVESTMENT YIELDS
690 ## - LOCAL SUBJECT ADDED ENTRY--TOPICAL TERM (OCLC, RLIN)
Topical term or geographic name as entry element PROPERTY-COMMERCIAL PROPERTY-COMMERCIAL PROPERTY MARKET
942 ## - ADDED ENTRY ELEMENTS (KOHA)
Suppress in OPAC 0
Holdings
Withdrawn status Lost status Source of classification or shelving scheme Damaged status Not for loan Home library Current library Shelving location Date acquired Total Checkouts Full call number Barcode Date last seen Copy number Price effective from Koha item type
    Dewey Decimal Classification     London London News article 15/04/2003   WB3915-06 121995-1001 06/08/2019 1 06/08/2019 News article